Zodpovednosť za škodu podľa zákoníka práce
Právna úprava, predpoklady a funkcie zodpovednosti za škodu. Funkcie zodpovednosti. Rozsah a spôsob náhrady škody a lehoty na jej uplatnenie.
Saved in:
| Main Author: | |
|---|---|
| Format: | Book Chapter |
| Language: | Slovak |
| Subjects: | |
| Tags: |
No Tags, Be the first to tag this record!
|
MARC
| LEADER | 00000naa a2200000 4500 | ||
|---|---|---|---|
| 001 | 0121821 | ||
| 005 | 20231127110316.7 | ||
| 041 | 0 | |a slo | |
| 044 | |a SK | ||
| 245 | 1 | 0 | |a Zodpovednosť za škodu podľa zákoníka práce |c Marta Thurzová |
| 520 | |a Právna úprava, predpoklady a funkcie zodpovednosti za škodu. Funkcie zodpovednosti. Rozsah a spôsob náhrady škody a lehoty na jej uplatnenie. | ||
| 610 | 2 | 0 | |a zodpovednosť za škody |
| 610 | 2 | 0 | |a Slovensko |
| 610 | 2 | 0 | |a úpravy právne |
| 610 | 2 | 0 | |a zákonník práce |
| 100 | 1 | |a Thurzová, Marta | |